[Event "Ruhrgebiet Regionalliga 1819"]
[Site "Nordrheinwestfalen"]
[Date "2019.02.10"]
[Round "7.7"]
[White "Koch, Marcel"]
[Black "Dekhtyaryuk, Dimitri"]
[Result "0-1"]
[WhiteElo "1890"]
[BlackElo "1849"]
[PlyCount "118"]
[EventDate "2018.09.02"]
[EventType "team-tourn"]
[EventRounds "11"]
[EventCountry "GER"]
[SourceTitle "EXT 2022"]
[Source "ChessBase"]
[SourceDate "2021.10.06"]
[SourceVersion "1"]
[SourceVersionDate "2021.10.06"]
[SourceQuality "1"]
[WhiteTeam "Kamen SV"]
[BlackTeam "Eichlinghofen SV"]
[WhiteTeamCountry "GER"]
[BlackTeamCountry "GER"]

1. d4 Nf6 2. c4 c5 3. d5 b5 4. cxb5 a6 5. bxa6 Bxa6 6. g3 d6 7. Bg2 g6 8. Nf3 Bg7 9. 0-0 0-0 10. Re1 Nbd7 11. Nc3 Nb6 12. e4 Rb8 13. Qc2 Qc7 14. Rb1 Nfd7 15. b3 Qa7 16. a4 Ne5 17. Nxe5 Bxe5 18. Nb5 Bxb5 19. axb5 Nd7 20. Bf1 Rfc8 21. Bb2 c4 22. Ra1 Qc5 23. Bh3 Qxb5 24. Bxd7 Qxd7 25. Bxe5 cxb3 26. Qb2 Rc2 27. Qd4 b2 28. Rab1 dxe5 29. Qxe5 Qa7 30. Qf4 Rbc8 31. Kg2 Qc5 32. Qe3 Qb4 33. Rf1 R8c3 34. Qf4 Rc4 35. Rfe1 Rd2 36. Qe5 Rcc2 37. Qf4 Qb6 38. Re3 Rc1 39. Re1 Rxe1 40. Rxe1 Qd4 41. Rb1 Rc2 42. h4 h5 43. Kg1 Qc3 44. Kg2 Kg7 45. d6 exd6 46. Qxd6 Re2 47. Qb6 Rc2 48. Qd6 Re2 49. Qb6 Qc2 50. e5 Qe4+ 51. Kh3 Qxe5 52. Rf1 Rc2 53. Rb1 Qf5+ 54. Kg2 Rxf2+ 55. Qxf2 Qxb1 56. Qd4+ Kh7 57. Qf6 Qc2+ 58. Kf3 Qb3+ 59. Kf4 b1Q 0-1

[Event "Ruhrgebiet Verbandsklasse Gruppe 2 1819"]
[Site "Nordrheinwestfalen"]
[Date "2018.11.04"]
[Round "3.3"]
[White "Khess, Igor"]
[Black "Koch, Marcel"]
[Result "1-0"]
[WhiteElo "1959"]
[BlackElo "1917"]
[PlyCount "74"]
[EventDate "2018.09.23"]
[EventType "team-tourn"]
[EventRounds "9"]
[EventCountry "GER"]
[SourceTitle "EXT 2022"]
[Source "ChessBase"]
[SourceDate "2021.10.06"]
[SourceVersion "1"]
[SourceVersionDate "2021.10.06"]
[SourceQuality "1"]
[WhiteTeam "Dortmund FS"]
[BlackTeam "Kamen SV II"]
[WhiteTeamCountry "GER"]
[BlackTeamCountry "GER"]

1. e4 d5 2. exd5 Qxd5 3. Nc3 Qa5 4. d4 Nf6 5. Bc4 Bf5 6. Nge2 e6 7. 0-0 Nbd7 8. Ng3 Bg6 9. Bf4 c6 10. a3 Qd8 11. Bd3 Bxd3 12. Qxd3 Nb6 13. Nce4 Be7 14. c4 0-0 15. Rfd1 Qd7 16. Nxf6+ Bxf6 17. Ne4 Be7 18. b3 Rad8 19. Qc2 Nc8 20. Rd3 f5 21. Nd2 g5 22. Be5 Bf6 23. Bxf6 Rxf6 24. Nf3 g4 25. Ne5 Qe7 26. Qd2 Nd6 27. Re1 Nf7 28. a4 Nxe5 29. Rxe5 Rg6 30. Qe3 Qd6 31. g3 a6 32. d5 cxd5 33. cxd5 Qd7 34. Kf1 Kf8 35. Qf4 Qd6 36. Rd2 Ke7 37. Rde2 Kf7 1-0

[Event "Ruhrgebiet Verbandsliga Gruppe 1 1718"]
[Site "Germany"]
[Date "2018.02.25"]
[Round "7.2"]
[White "Koch, Marcel"]
[Black "Stratmann, Holger"]
[Result "1-0"]
[WhiteElo "1900"]
[BlackElo "2009"]
[PlyCount "101"]
[EventDate "2017.09.17"]
[EventType "team-tourn"]
[EventRounds "9"]
[EventCountry "GER"]
[SourceTitle "EXT 2022"]
[Source "ChessBase"]
[SourceDate "2021.10.06"]
[SourceVersion "1"]
[SourceVersionDate "2021.10.06"]
[SourceQuality "1"]
[WhiteTeam "Kamen SV II"]
[BlackTeam "Essen Katernberg III"]
[WhiteTeamCountry "GER"]
[BlackTeamCountry "GER"]

1. d4 Nf6 2. c4 e6 3. Nc3 c5 4. Nf3 cxd4 5. Nxd4 Nc6 6. e3 d5 7. cxd5 Nxd5 8. Nxc6 bxc6 9. Bd2 Be7 10. Be2 0-0 11. 0-0 Nxc3 12. Bxc3 Bb7 13. Bf3 Qc7 14. Rc1 c5 15. Bxb7 Qxb7 16. Qg4 g6 17. Rfd1 Rad8 18. Qa4 Bd6 19. Bf6 Be7 20. Bc3 Bd6 21. b3 f6 22. g3 Qe7 23. Qc6 Bc7 24. Bb2 Bb6 25. Ba3 Rc8 26. Qe4 Kf7 27. Rc4 Rfd8 28. Rxd8 Rxd8 29. Qc6 Qd7 30. Qxd7+ Rxd7 31. Bxc5 Bxc5 32. Rxc5 Ke7 33. Kf1 f5 34. Ke2 Kf6 35. b4 Rd6 36. b5 Rd7 37. a4 g5 38. h3 h5 39. Rc6 Ke5 40. Rc2 g4 41. h4 Rb7 42. Rc8 Ke4 43. Rc4+ Kd5 44. Kd3 a6 45. Rd4+ Kc5 46. bxa6 Rb6 47. a7 Ra6 48. e4 fxe4+ 49. Kxe4 Rxa7 50. Ke5 Rf7 51. Rf4 1-0

[Event "Ruhrgebiet Verbandsliga Gruppe 1 1718"]
[Site "Germany"]
[Date "2017.12.03"]
[Round "4.2"]
[White "Ter Steeg, Marcus"]
[Black "Koch, Marcel"]
[Result "1-0"]
[WhiteElo "2061"]
[BlackElo "1900"]
[PlyCount "73"]
[EventDate "2017.09.17"]
[EventType "team-tourn"]
[EventRounds "9"]
[EventCountry "GER"]
[SourceTitle "EXT 2022"]
[Source "ChessBase"]
[SourceDate "2021.10.06"]
[SourceVersion "1"]
[SourceVersionDate "2021.10.06"]
[SourceQuality "1"]
[WhiteTeam "Essen Werden"]
[BlackTeam "Kamen SV II"]
[WhiteTeamCountry "GER"]
[BlackTeamCountry "GER"]

1. d4 Nf6 2. c4 e6 3. Nf3 b6 4. g3 Bb7 5. Bg2 Be7 6. 0-0 0-0 7. Re1 d6 8. Qc2 Nbd7 9. Nc3 c5 10. d5 exd5 11. Nh4 Ne4 12. Nxd5 Bxd5 13. cxd5 Nxf2 14. Qf5 Bxh4 15. gxh4 Qxh4 16. Qxf2 Qe7 17. Bf4 f5 18. Qg3 Ne5 19. Bxe5 Qxe5 20. Qxe5 dxe5 21. e4 f4 22. Bh3 Rf6 23. Kf2 Kf7 24. Rg1 Rh6 25. Be6+ Kf6 26. h3 g5 27. Bf5 Rd8 28. b4 c4 29. b5 Rh4 30. Rac1 Rxd5 31. exd5 Kxf5 32. d6 Ke6 33. Rgd1 Kd7 34. Rxc4 Rxh3 35. Rc7+ Ke6 36. d7 Rh2+ 37. Kg1 1-0

[Event "Ruhrgebiet Verbandsliga Gruppe 1 1617"]
[Site "Germany"]
[Date "2016.10.30"]
[Round "3.3"]
[White "Brueggestrass, Volker"]
[Black "Koch, Marcel"]
[Result "1/2-1/2"]
[WhiteElo "2051"]
[BlackElo "1876"]
[PlyCount "49"]
[EventDate "2016.09.04"]
[EventType "team-tourn"]
[EventRounds "9"]
[EventCountry "GER"]
[SourceTitle "EXT 2022"]
[Source "ChessBase"]
[SourceDate "2021.10.06"]
[SourceVersion "1"]
[SourceVersionDate "2021.10.06"]
[SourceQuality "1"]
[WhiteTeam "Gerthe Werne"]
[BlackTeam "Kamen SV II"]
[WhiteTeamCountry "GER"]
[BlackTeamCountry "GER"]

1. e4 d5 2. exd5 Qxd5 3. Nc3 Qa5 4. g3 Nf6 5. Bg2 g6 6. Nge2 Bg7 7. 0-0 0-0 8. b4 Qxb4 9. Rb1 Qa5 10. Bxb7 Bxb7 11. Rxb7 Nbd7 12. Rb5 Qa6 13. d4 c6 14. Rb3 Nd5 15. Ba3 Rfe8 16. Qd2 N7b6 17. Ne4 Rad8 18. Nc5 Qc4 19. Bb2 e5 20. Nb7 Rd7 21. Na5 Qa4 22. Ra3 Qb5 23. Rb3 Qa4 24. Ra3 Qb5 25. Rb3 1/2-1/2

[Event "Ruhrgebiet Verbandsliga Gruppe 1 1617"]
[Site "Germany"]
[Date "2016.09.25"]
[Round "2.4"]
[White "Hornung, Ruediger"]
[Black "Koch, Marcel"]
[Result "1-0"]
[WhiteElo "1891"]
[BlackElo "1876"]
[PlyCount "107"]
[EventDate "2016.09.04"]
[EventType "team-tourn"]
[EventRounds "9"]
[EventCountry "GER"]
[SourceTitle "EXT 2022"]
[Source "ChessBase"]
[SourceDate "2021.10.06"]
[SourceVersion "1"]
[SourceVersionDate "2021.10.06"]
[SourceQuality "1"]
[WhiteTeam "Eving SV Rochade"]
[BlackTeam "Kamen SV II"]
[WhiteTeamCountry "GER"]
[BlackTeamCountry "GER"]

1. e4 d5 2. exd5 Qxd5 3. d4 Nc6 4. Nf3 Bg4 5. Be2 0-0-0 6. Be3 Nf6 7. 0-0 Qh5 8. h3 e5 9. hxg4 Nxg4 10. Nh4 f5 11. Bxg4 fxg4 12. g3 exd4 13. Bc1 g5 14. Ng2 Ne5 15. Nd2 Rd6 16. f4 gxf3 17. Nxf3 Ng4 18. Bxg5 Bh6 19. Bxh6 Qxh6 20. Qd3 Rg8 21. Nfh4 Ne3 22. Rf3 Nxg2 23. Nxg2 Qh3 24. Raf1 h5 25. Rf8+ Rxf8 26. Rxf8+ Kd7 27. Qf5+ Qxf5 28. Rxf5 d3 29. cxd3 Rxd3 30. Kh2 Rd2 31. Rb5 Kc6 32. Rb3 a5 33. Kh3 b5 34. Ne3 a4 35. Rc3+ Kb6 36. Rc2 Rd3 37. Re2 c5 38. Kh4 c4 39. Kxh5 Kc5 40. g4 a3 41. bxa3 c3 42. g5 Kd4 43. Nc2+ Kc4 44. g6 Rd2 45. Rxd2 cxd2 46. Ne3+ Kd3 47. Nd1 Kc2 48. Nf2 Kb1 49. g7 Kxa2 50. g8Q+ Kxa3 51. Qg3+ Kb2 52. Qd3 Kc1 53. Qc3+ Kb1 54. Nd1 1-0

[Event "Ruhrgebiet Verbandsklasse Gruppe 1 1516"]
[Site "Germany"]
[Date "2016.04.24"]
[Round "9.3"]
[White "Koch, Marcel"]
[Black "Marx, Patrick"]
[Result "1/2-1/2"]
[WhiteElo "1888"]
[BlackElo "1914"]
[PlyCount "101"]
[EventDate "2015.09.06"]
[EventType "team-tourn"]
[EventRounds "9"]
[EventCountry "GER"]
[SourceTitle "EXT 2022"]
[Source "ChessBase"]
[SourceDate "2021.10.06"]
[SourceVersion "1"]
[SourceVersionDate "2021.10.06"]
[SourceQuality "1"]
[WhiteTeam "Kamen SV II"]
[BlackTeam "Welper SV II"]
[WhiteTeamCountry "GER"]
[BlackTeamCountry "GER"]

1. d4 d5 2. c4 c6 3. Nf3 Nf6 4. Nc3 e6 5. g3 Be7 6. Bg2 Nbd7 7. 0-0 0-0 8. cxd5 cxd5 9. Re1 a6 10. e4 dxe4 11. Ng5 Nd5 12. Ngxe4 N7f6 13. Nxf6+ Bxf6 14. Nxd5 exd5 15. Be3 Be6 16. Qb3 Qd7 17. Rac1 Rac8 18. a4 h6 19. Rc3 Rxc3 20. bxc3 Rc8 21. Rb1 Rc4 22. Qxb7 Qxb7 23. Rxb7 Rxa4 24. h4 Ra1+ 25. Kh2 Ra3 26. c4 dxc4 27. d5 Bf5 28. d6 c3 29. Rc7 Ra1 30. d7 Rd1 31. Bh3 Bxh3 32. Kxh3 Kh7 33. Kg4 a5 34. Kf3 a4 35. Ke2 Rd5 36. Ra7 Kg6 37. Rxa4 Rxd7 38. Rc4 Kf5 39. h5 Rd5 40. g4+ Ke6 41. Bf4 Rd4 42. Rxd4 Bxd4 43. Kd3 Be5 44. Be3 f5 45. f4 Bxf4 46. Bxf4 fxg4 47. Ke4 c2 48. Be3 g3 49. Kf3 Kf5 50. Kxg3 g6 51. hxg6 1/2-1/2

[Event "NRW Class1 1516"]
[Site "Germany"]
[Date "2016.04.03"]
[Round "8.8"]
[White "Mandt, Mathias"]
[Black "Koch, Marcel"]
[Result "1-0"]
[WhiteElo "2085"]
[BlackElo "1881"]
[PlyCount "103"]
[EventDate "2015.09.27"]
[EventType "team-tourn"]
[EventRounds "9"]
[EventCountry "GER"]
[SourceTitle "EXT 2017"]
[Source "ChessBase"]
[SourceDate "2016.10.25"]
[SourceVersion "1"]
[SourceVersionDate "2016.10.25"]
[SourceQuality "1"]
[WhiteTeam "Koeln Lasker"]
[BlackTeam "Kamen"]
[WhiteTeamCountry "GER"]
[BlackTeamCountry "GER"]

1. d4 Nf6 2. c4 d5 3. cxd5 Nxd5 4. e4 Nf6 5. Nc3 g6 6. Bc4 Bg7 7. Nge2 0-0 8. 0-0 c6 9. a3 e6 10. Bg5 Qb6 11. Qd2 Nbd7 12. e5 Nd5 13. Rac1 a6 14. Ne4 Qa7 15. Rfd1 N7b6 16. Bb3 Nc7 17. Be7 Nbd5 18. Bxf8 Bxf8 19. N2c3 Ne7 20. Nf6+ Kh8 21. g4 b5 22. Nce4 Ncd5 23. Qg5 h6 24. Qh4 Nf4 25. Rd2 Bb7 26. Nc5 Rd8 27. g5 Nfd5 28. Nxd5 Nf5 29. Qh3 cxd5 30. Qd3 h5 31. Bd1 Be7 32. f4 Kg7 33. b4 Bc8 34. Rdc2 Bd7 35. Rc3 Be8 36. Bc2 a5 37. Qd2 axb4 38. axb4 Qa2 39. Qf2 Bxc5 40. Rxc5 Ne7 41. Bd3 Qa3 42. Qd2 Ra8 43. Qc3 Qa2 44. Rc7 Nf5 45. Bxf5 gxf5 46. g6 Kxg6 47. Qg3+ Kh7 48. R7c2 Qa7 49. Rg2 f6 50. Qg8+ Kh6 51. Qh8+ Qh7 52. Qf8+ 1-0

[Event "Ruhrgebiet Verbandsklasse Gruppe 1 1516"]
[Site "Germany"]
[Date "2015.11.08"]
[Round "3.3"]
[White "Gruber, Herbert"]
[Black "Koch, Marcel"]
[Result "0-1"]
[WhiteElo "1754"]
[BlackElo "1881"]
[PlyCount "82"]
[EventDate "2015.09.06"]
[EventType "team-tourn"]
[EventRounds "9"]
[EventCountry "GER"]
[SourceTitle "EXT 2022"]
[Source "ChessBase"]
[SourceDate "2021.10.06"]
[SourceVersion "1"]
[SourceVersionDate "2021.10.06"]
[SourceQuality "1"]
[WhiteTeam "Bottrop SV II"]
[BlackTeam "Kamen SV II"]
[WhiteTeamCountry "GER"]
[BlackTeamCountry "GER"]

1. e4 d5 2. exd5 Qxd5 3. Nc3 Qa5 4. Nf3 Nf6 5. Be2 Bf5 6. 0-0 e6 7. d3 Nbd7 8. Bd2 c6 9. a3 Qc7 10. Re1 Bd6 11. h3 0-0-0 12. b4 Rdg8 13. Na4 g5 14. Nd4 g4 15. h4 g3 16. f3 Nh5 17. c4 Qd8 18. f4 Nxf4 19. Nf3 Rg4 20. b5 Rxh4 21. bxc6 Nc5 22. cxb7+ Kb8 23. d4 Ncd3 24. Bxd3 Nxd3 25. Bg5 Qxg5 26. Nxg5 Nf2 27. Kf1 Nxd1 28. Rexd1 Bg4 29. Nf3 Bxf3 30. gxf3 Rh2 31. Nc5 Bxc5 32. dxc5 Rg8 33. Kg1 Kxb7 34. Rd7+ Kc6 35. Rxa7 h5 36. Rxf7 h4 37. Re1 h3 38. Rxe6+ Kxc5 39. Rc7+ Kd4 40. Re4+ Kc3 41. Re1 Rc2 0-1

[Event "Ruhrgebiet Verbandsklasse Gruppe 1 1516"]
[Site "Germany"]
[Date "2015.09.20"]
[Round "2"]
[White "Koch, Marcel"]
[Black "Panofen, Ingo"]
[Result "1-0"]
[WhiteElo "1881"]
[BlackElo "1913"]
[PlyCount "99"]
[EventDate "2015.09.06"]
[EventType "team-tourn"]
[EventRounds "9"]
[EventCountry "GER"]
[SourceTitle "EXT 2022"]
[Source "ChessBase"]
[SourceDate "2021.10.06"]
[SourceVersion "1"]
[SourceVersionDate "2021.10.06"]
[SourceQuality "1"]
[WhiteTeam "Kamen SV II"]
[BlackTeam "Sodingen/Castrop SK III"]
[WhiteTeamCountry "GER"]
[BlackTeamCountry "GER"]

1. d4 d5 2. c4 e6 3. Nc3 Nf6 4. Nf3 Be7 5. Bg5 0-0 6. e3 Nbd7 7. Rc1 c6 8. Be2 dxc4 9. Bxc4 Nd5 10. Bxe7 Qxe7 11. 0-0 Nxc3 12. Rxc3 e5 13. d5 Nb6 14. dxc6 Rd8 15. Qb3 bxc6 16. Rfc1 Bb7 17. h3 Rd6 18. Bf1 Rad8 19. Qa3 Nc8 20. Rc5 Rd1 21. Rxd1 Rxd1 22. Rxe5 Qxa3 23. bxa3 f6 24. Rc5 Ba6 25. Nh2 Bb5 26. g3 Nd6 27. Kg2 Ne4 28. Rc2 Rd2 29. Rxd2 Nxd2 30. Bxb5 cxb5 31. Nf3 Nb1 32. Kf1 Nxa3 33. Nd4 Kf7 34. Ke1 Ke8 35. Kd2 Kd7 36. Kc3 a5 37. Kb3 b4 38. Ka4 Kd6 39. Nb5+ Nxb5 40. Kxb5 Kd5 41. f3 g5 42. g4 h6 43. Kxa5 Kc4 44. Ka4 Kc5 45. Kb3 Kb5 46. f4 gxf4 47. exf4 Kc5 48. h4 Kd5 49. g5 hxg5 50. hxg5 1-0

[Event "NRW Verbandsklasse Group3 1314"]
[Site "Nordrheinwestfalen"]
[Date "2013.12.15"]
[Round "5.6"]
[White "Dekhtyaryuk, Dimitri"]
[Black "Koch, Marcel"]
[Result "0-1"]
[WhiteElo "1854"]
[BlackElo "1774"]
[PlyCount "68"]
[EventDate "2013.09.08"]
[EventType "team-tourn"]
[EventRounds "9"]
[EventCountry "GER"]
[SourceTitle "EXT 2020"]
[Source "ChessBase"]
[SourceDate "2019.10.17"]
[SourceVersion "1"]
[SourceVersionDate "2019.10.17"]
[SourceQuality "1"]
[WhiteTeam "Eichlinghofen SV"]
[BlackTeam "Kamen SV II"]
[WhiteTeamCountry "GER"]
[BlackTeamCountry "GER"]

1. e4 d5 2. exd5 Qxd5 3. Nc3 Qa5 4. d4 Nf6 5. Nf3 Bf5 6. Bd2 c6 7. Bc4 e6 8. 0-0 Nbd7 9. a3 Qc7 10. Re1 Bd6 11. b4 b5 12. Be2 0-0 13. h3 a5 14. bxa5 Rxa5 15. Nh4 Rxa3 16. Nxf5 exf5 17. Rb1 b4 18. Nb5 cxb5 19. Bxb4 Bxb4 20. Rxb4 Nd5 21. Rb2 Nc3 22. Qd2 Nxe2+ 23. Qxe2 Qc4 24. Rxb5 Qxe2 25. Rxe2 g6 26. Rb7 Nf6 27. c4 Ne4 28. c5 Rc3 29. f3 Ng3 30. Re1 Rd8 31. Kf2 f4 32. Ree7 Rxd4 33. Rxf7 Rc2+ 34. Ke1 Re2# 0-1

[Event "NRW Verbandsklasse Group3 1314"]
[Site "Nordrheinwestfalen"]
[Date "2013.11.24"]
[Round "4.5"]
[White "Straenger, Petra"]
[Black "Koch, Marcel"]
[Result "1/2-1/2"]
[WhiteElo "1839"]
[BlackElo "1774"]
[PlyCount "24"]
[EventDate "2013.09.08"]
[EventType "team-tourn"]
[EventRounds "9"]
[EventCountry "GER"]
[SourceTitle "EXT 2020"]
[Source "ChessBase"]
[SourceDate "2019.10.17"]
[SourceVersion "1"]
[SourceVersionDate "2019.10.17"]
[SourceQuality "1"]
[WhiteTeam "Muelheim SC"]
[BlackTeam "Kamen SV II"]
[WhiteTeamCountry "GER"]
[BlackTeamCountry "GER"]

1. d4 e6 2. c4 Nf6 3. Nc3 b6 4. Nf3 Bb7 5. g3 d6 6. Bg2 Nbd7 7. 0-0 Be7 8. b3 c5 9. Bb2 0-0 10. Re1 d5 11. dxc5 Nxc5 12. Ne5 Qb8 1/2-1/2

[Event "NRW Verbandsklasse Group3 1314"]
[Site "Nordrheinwestfalen"]
[Date "2013.11.03"]
[Round "3.5"]
[White "Koch, Marcel"]
[Black "Ziperstein, Jakob"]
[Result "1-0"]
[WhiteElo "1774"]
[BlackElo "1857"]
[PlyCount "85"]
[EventDate "2013.09.08"]
[EventType "team-tourn"]
[EventRounds "9"]
[EventCountry "GER"]
[SourceTitle "EXT 2020"]
[Source "ChessBase"]
[SourceDate "2019.10.17"]
[SourceVersion "1"]
[SourceVersionDate "2019.10.17"]
[SourceQuality "1"]
[WhiteTeam "Kamen SV II"]
[BlackTeam "Dortmund FS 98 II"]
[WhiteTeamCountry "GER"]
[BlackTeamCountry "GER"]

1. d4 Nf6 2. Nf3 g6 3. g3 Bg7 4. Bg2 0-0 5. 0-0 d6 6. b3 Nbd7 7. Bb2 c5 8. c3 Rb8 9. Nbd2 b6 10. Re1 Bb7 11. e4 e6 12. Rc1 Rc8 13. e5 dxe5 14. dxe5 Ng4 15. c4 Qc7 16. Qe2 Rcd8 17. Rcd1 Nh6 18. Nb1 Nb8 19. Nc3 Nc6 20. Nb5 Qb8 21. Nd6 Rd7 22. Nxb7 Rxb7 23. Ng5 Rc7 24. Rd6 Nb4 25. a3 Na6 26. Be4 Qc8 27. Red1 Nb8 28. f3 Nc6 29. Bxc6 Rxc6 30. g4 Qb7 31. h3 Rc7 32. Qd3 Re8 33. h4 Bf8 34. Ne4 Be7 35. Bc1 Kg7 36. Bxh6+ Kxh6 37. Nf6 Rh8 38. Kf2 Kg7 39. g5 Rhc8 40. h5 Bxd6 41. exd6 Rd7 42. h6+ Kf8 43. Nxh7+ 1-0

[Event "NRW Verbandsklasse Group3 1314"]
[Site "Nordrheinwestfalen"]
[Date "2013.09.08"]
[Round "1.6"]
[White "Schuetz, Ralf"]
[Black "Koch, Marcel"]
[Result "0-1"]
[WhiteElo "1831"]
[BlackElo "1774"]
[PlyCount "128"]
[EventDate "2013.09.08"]
[EventType "team-tourn"]
[EventRounds "9"]
[EventCountry "GER"]
[SourceTitle "EXT 2020"]
[Source "ChessBase"]
[SourceDate "2019.10.17"]
[SourceVersion "1"]
[SourceVersionDate "2019.10.17"]
[SourceQuality "1"]
[WhiteTeam "Boenen SV"]
[BlackTeam "Kamen SV II"]
[WhiteTeamCountry "GER"]
[BlackTeamCountry "GER"]

1. e4 d5 2. exd5 Qxd5 3. Nc3 Qa5 4. d4 Nf6 5. Bc4 Bf5 6. Nf3 e6 7. Bd2 c6 8. Qe2 Nbd7 9. 0-0-0 Bb4 10. a3 Bxc3 11. Bxc3 Qc7 12. d5 cxd5 13. Bxd5 0-0 14. Bb3 Nc5 15. Bc4 Nfe4 16. Be5 Qe7 17. Nd2 Rfd8 18. Nxe4 Nxe4 19. f3 Qg5+ 20. f4 Qg4 21. Rxd8+ Rxd8 22. Rd1 Rxd1+ 23. Qxd1 Qxd1+ 24. Kxd1 Nf2+ 25. Kd2 a6 26. Bd4 Ne4+ 27. Ke3 Nd6 28. Bb3 f6 29. c4 Kf7 30. Bc5 Ke7 31. Ba4 e5 32. fxe5 fxe5 33. Bd1 Ke6 34. Be2 h6 35. b4 Bc2 36. Bg4+ Bf5 37. Bf3 Nxc4+ 38. Ke2 e4 39. Bh5 g6 40. g4 gxh5 41. gxf5+ Kxf5 42. a4 Kg4 43. Ba7 h4 44. Bb8 h3 45. b5 Kf5 46. bxa6 bxa6 47. Bc7 Ke6 48. Bg3 Kd5 49. Bf2 Ne5 50. a5 Nc4 51. Be1 Kd4 52. Bb4 Ne3 53. Be1 Nd5 54. Bg3 Nc3+ 55. Kd2 e3+ 56. Kc2 Ne2 57. Bh4 Ke4 58. Kb3 Nd4+ 59. Kc4 Nf3 60. Bg3 e2 61. Kc5 Nxh2 62. Kb6 Nf3 63. Kxa6 h2 64. Kb6 h1Q 0-1

[Event "Ruhrgebiet VK1 1112"]
[Site "Nordrheinwestfalen"]
[Date "2012.03.04"]
[Round "7"]
[White "Koch, Marcel"]
[Black "Saphir, Peter"]
[Result "1/2-1/2"]
[WhiteElo "1732"]
[BlackElo "1770"]
[PlyCount "29"]
[EventDate "2012.09.18"]
[EventType "team-tourn"]
[EventRounds "9"]
[EventCountry "GER"]
[SourceTitle "EXT 2020"]
[Source "ChessBase"]
[SourceDate "2019.10.17"]
[SourceVersion "1"]
[SourceVersionDate "2019.10.17"]
[SourceQuality "1"]
[WhiteTeam "Kamen SV II"]
[BlackTeam "Hoentrop SG"]
[WhiteTeamCountry "GER"]
[BlackTeamCountry "GER"]

1. d4 Nf6 2. Nf3 e6 3. c4 b6 4. Nc3 Bb4 5. Bd2 Bb7 6. e3 0-0 7. Bd3 d5 8. cxd5 exd5 9. Qc2 Nbd7 10. a3 Bxc3 11. Bxc3 Re8 12. b4 Ne4 13. Rc1 c6 14. Bb2 Qe7 15. Ne5 1/2-1/2

[Event "GER-ch Net qual2 U18"]
[Site "Playchess.com INT"]
[Date "2011.05.04"]
[Round "5"]
[White "Grewenig, Jan"]
[Black "Koch, Marcel"]
[Result "1-0"]
[WhiteElo "1945"]
[BlackElo "1564"]
[PlyCount "65"]
[EventDate "2011.05.04"]
[EventType "swiss (blitz)"]
[EventRounds "7"]
[EventCountry "GER"]
[SourceTitle "CBM 142 Extra"]
[Source "ChessBase"]
[SourceDate "2011.06.27"]
[SourceVersion "1"]
[SourceVersionDate "2011.06.27"]
[SourceQuality "1"]

1. e4 d5 2. exd5 Qxd5 3. Nc3 Qa5 4. b4 Qxb4 5. Rb1 Qa5 6. Rb5 Qa6 7. Bc4 Be6 8. Bxe6 Qxe6+ 9. Nge2 b6 10. d4 c6 11. Re5 Qc8 12. Ba3 Nd7 13. Re3 e6 14. Bxf8 Nxf8 15. 0-0 Nf6 16. f4 Nd5 17. Nxd5 cxd5 18. f5 Qd7 19. Nf4 Rc8 20. Qe2 Rc6 21. Re1 Qc7 22. fxe6 Qxf4 23. exf7+ Kd7 24. Re8 Qxd4+ 25. Kh1 Qf6 26. Qg4+ Kd6 27. h3 Kc5 28. a3 a5 29. c4 Qxf7 30. cxd5 Rf6 31. Rc8+ Kd6 32. Rc6+ Kxd5 33. Qc4# 1-0

[Event "GER-ch Net qual1 U18"]
[Site "Playchess.com INT"]
[Date "2011.05.01"]
[Round "7"]
[White "Gruenewald, Florian"]
[Black "Koch, Marcel"]
[Result "1-0"]
[WhiteElo "1589"]
[BlackElo "1532"]
[PlyCount "75"]
[EventDate "2011.05.01"]
[EventType "swiss (blitz)"]
[EventRounds "7"]
[EventCountry "GER"]
[SourceTitle "CBM 142 Extra"]
[Source "ChessBase"]
[SourceDate "2011.06.27"]
[SourceVersion "1"]
[SourceVersionDate "2011.06.27"]
[SourceQuality "1"]

1. e4 d5 2. exd5 Qxd5 3. Nc3 Qa5 4. d4 c6 5. Nf3 Bf5 6. Bd3 Bxd3 7. Qxd3 e6 8. 0-0 Nd7 9. Bf4 Ngf6 10. a3 Be7 11. Rfe1 Qd8 12. Ne5 Nxe5 13. Bxe5 0-0 14. Rad1 Bd6 15. Qf3 Bxe5 16. dxe5 Nd5 17. Ne4 Qb6 18. b3 Rfd8 19. Qg4 Ne7 20. h4 h6 21. Nd6 Nc8 22. Ne4 Ne7 23. h5 Nf5 24. Qf4 Rxd1 25. Rxd1 Rd8 26. Nd6 Nxd6 27. Rxd6 Rxd6 28. exd6 Kf8 29. Qd2 Qd8 30. c4 Ke8 31. c5 a5 32. b4 b6 33. Qd4 axb4 34. axb4 b5 35. Qxg7 Kd7 36. Qxf7+ Kc8 37. Qxe6+ Qd7 38. Qxd7+ 1-0